| 000 | 00623nam a22001815i 4500 | ||
|---|---|---|---|
| 001 | 169905 | ||
| 003 | ES-MaACL | ||
| 005 | 20230906214232.0 | ||
| 008 | 081217s1933 fr |||| | fre d | ||
| 100 | 1 |
_aPlanard, Eugène de. _9139092 |
|
| 245 | 1 | 3 |
_aLe pré-aux-clercs _b: opéra-comique en trois actes / _cpar E. de Planard ; musique de Hérold. |
| 250 | _aNouv. ed. | ||
| 260 |
_aParis : _bLibrairie Stock, _c1933. |
||
| 300 |
_a76 p. ; _c19 cm. |
||
| 650 | 1 | 4 |
_aÓperas- _vLibretos. _9137584 |
| 700 | 1 |
_aHérold, Ferdinand. _9137970 |
|
| 852 |
_aES-MaACL _j2245-F-5 _9R.140910 _z.- Biblioteca Jacinto Martínez Lacalle |
||
| 999 |
_c169905 _d169905 |
||